000 00426nam a2200121 a 4500
001 000046427
005 20201002052849.0
008 150811s1997 000 spa d
040 _aDO-SdBNP
_bspa
_cBNPHU
245 0 _aConmemoración del centenario de la muerte del General Gregorio Luperón (20 de mayo de 1997).
260 _aSanto Domingo :
_bSecretaría de Estado de Educación y Cultura,
_c1997.
300 _a12 p. ;
_c21 cm.
999 _c45916
_d45916